Wpływ niektórych parametrów kompostowania osadów ściekowych na jakość kompostu / (Rekord nr 2488)
| 000 -ETYKIETA REKORDU | |
|---|---|
| podpole kontrolne o stałej długości | 01398naa a2200241 i 4500 |
| 001 - NUMER KONTROLNY REKORDU | |
| podpole kontrolne | 2488 |
| 003 - IDENTYFIKATOR NUMERU KONTROLNEGO REKORDU | |
| podpole kontrolne | KOSZ 005 |
| 005 - DATA OSTATNIEJ MODYFIKACJI REKORDU | |
| podpole kontrolne | 20180203102230.0 |
| 008 - POLE O STAŁEJ DŁUGOŚCI - DANE KONTROLNE | |
| podpole kontrolne o stałej długości | 140220s2009 pl f |000 0 pol |
| 040 ## - ŹRÓDŁO KATALOGOWANIA | |
| Instytucja, która utworzyła rekord | BPK |
| Instytucja, która dokonała modyfikacji | KOSZ 005/EG |
| 041 ## - KOD JĘZYKA | |
| Kod języka tekstu | pol |
| Kod języka streszczenia lub abstraktu | eng |
| 080 ## - UNIWERSALNA KLASYFIKACJA DZIESIĘTNA - UKD | |
| UKD | 628.4 |
| 100 1# - NAZWA OSOBOWA | |
| Nazwa osobowa | SZYMAŃSKI, Kazimierz. |
| Lata pracy | 1996 - . |
| Instytucja | Politechnika Koszalińska - Wydział Budownictwa i Inżynierii Środowiska, |
| Wydział | Katedra Gospodarki Odpadami |
| 245 10 - TYTUŁ/ODPOWIEDZIALNOŚĆ | |
| Tytuł | Wpływ niektórych parametrów kompostowania osadów ściekowych na jakość kompostu / |
| Pozostałe elementy strefy tytułu i oznaczenia odpowiedzialności | Kazimierz Szymański, Robert Sidełko. |
| 246 ## - WARIANT TYTUŁU | |
| Tytuł | Impact of selected technological parameters into quantity of compost based on sludge sewage |
| 500 ## - UWAGI OGÓLNE | |
| Tekst uwagi | Dane z autopsji. |
| 520 ## - UWAGA DOTYCZĄCA TREŚCI DOKUMENTU | |
| Analiza dokumentacyjna, adnotacja itp. | W pracy przedstawiono wyniki badań próbek kompostu pobieranych w kolejnych fazach produkcji, opartej o technologię dwuetapową. Surowiec do kompostowania stanowiły odwodnione mechanicznie, niestabilizowane osady ściekowe z oczyszczalni ścieków komunalnych w Kościerzynie. |
| 650 #0 - HASŁO PRZEDMIOTOWE W FORMIE NAZWY OGÓLNEJ LUB JEDNOSTKOWEJ | |
| Nazwa ogólna lub geograficzna | Osady ściekowe. |
| 650 #0 - HASŁO PRZEDMIOTOWE W FORMIE NAZWY OGÓLNEJ LUB JEDNOSTKOWEJ | |
| Nazwa ogólna lub geograficzna | Kompost. |
| 700 1# - HASŁO DODATKOWE - NAZWA OSOBOWA | |
| Nazwa osobowa | SIDEŁKO, Robert. |
| Lata pracy | 1996 - . |
| Instytucja | Politechnika Koszalińska - Wydział Budownictwa i Inżynierii Środowiska, |
| Wydział | Katedra Gospodarki Odpadami |
| 773 0# - TYTUŁ DOKUMENTU MACIERZYSTEGO | |
| Wyrażenie wprowadzające | W : |
| Tytuł | Gospodarka odpadami komunalnymi : praca zbiorowa. T. 5 / pod red. Kazimierza Szymańskiego. - |
| Adres wydawniczy | Koszalin : Wydaw. FENIKS, 2009. - |
| Informacje dotyczące relacji | s. 147-155 |
| 942 ## - HASŁO DODATKOWE - ELEMENTY(KOHA) | |
| Typ dokumentu | Rozdział |
| Schemat klasyfikacji | Uniwersalna klasyfikacja dziesiętna |
| Wycofany | Zagubiony | Uszkodzony | Dostępność | Lokalizacja stała | Lokalizacja bieżąca | Sygnatura | Typ dokumentu |
|---|---|---|---|---|---|---|---|
| Dostępny | Bibliografia Prac Pracowników - BPK | Bibliografia Prac Pracowników - BPK | 94448 | Rozdział |
